Vista normal Vista MARC
  • Ragás Prat, Ignasi

Entrada Personal Name

Número de registros utilizados en: 1

001 - CONTROL NUMBER

  • control field: 752

003 - CONTROL NUMBER IDENTIFIER

  • control field: OSt

005 - DATE AND TIME OF LATEST TRANSACTION

  • control field: 20160113173915.0

008 - FIXED-LENGTH DATA ELEMENTS

  • fixed length control field: 160113|| aca||aabn | a|a d

040 ## - CATALOGING SOURCE

  • Original cataloging agency: OSt
  • Transcribing agency: OSt

100 ## - HEADING--PERSONAL NAME

  • Personal name: Ragás Prat, Ignasi

670 ## - SOURCE DATA FOUND

  • Source citation: Work cat.: (OSt): Ragás Prat, Ignasi, Centros logísticos : planificación, promoción y gestión de los centros de actividades logísticas, 2014